01110nam a2200229 a 45000010005000000030009000050080041000140200015000550400028000700820016000982450040001142600047001545900126002016500043003276500033003706500026004039420012004299990017004419520138004589520142005969520142007387676CO-ViMGA141112s2004 ck r 000 u spa d a958664006X aCO-ViMGAbspacCO-ViMGA04a332.11 B15210aKemmerer y el Banco de la Republica aSantafé de Bogotá : bel banco, c1994 aDatos de inventario : 7613 - - Forma de adquisición : Donacion - - Proveedor : Banco de la Republica - - Ejemplares : 214aBANCO DE LA REPUBLICA - HISTORIA9709314aKEMMERER, EDWIN WALTER9709414aMISION KEMMERER97095 2ddccBK c19597d19597 01102ddc44708002aMEVIECARbMEVIECARd2015-12-04h11/jun/2009l0o332.11 B152 p07613r2015-12-04 00:00:00tEj. 1w2015-12-04yBK 01102ddc44708002aMEVIECARbMEVIECARd2015-12-04h09/oct/2013l0o332.11 B152 p07613 - 2r2015-12-04 00:00:00tEj. 2w2015-12-04yBK 01102ddc44708002aMEVIECARbMEVIECARd2015-12-04h09/oct/2013l0o332.11 B152 p07613 - 3r2015-12-04 00:00:00tEj. 3w2015-12-04yBK